Central Library OPAC University of Rajshahi

Metal based industry in East Pakistan : (Record no. 73509)

MARC details
000 -LEADER
fixed length control field 00768nam a2200229 a 4500
001 - CONTROL NUMBER
control field 73509
003 - CONTROL NUMBER IDENTIFIER
rucl marc code BD-RjUL
005 - DATE AND TIME OF LATEST TRANSACTION
control field 20211209082414.0
008 - FIXED-LENGTH DATA ELEMENTS--GENERAL INFORMATION
fixed length control field 170602s1970 bg a b 000 0 eng
035 ## - SYSTEM CONTROL NUMBER
System control number (BD-RjUL)73727
040 ## - CATALOGING SOURCE
Original cataloging agency DLC
Transcribing agency DLC
Modifying agency DLC
-- BD-RjUL
Language of cataloging eng
041 ## - LANGUAGE CODE
Language code of text/sound track or separate title eng
082 ## - DEWEY DECIMAL CLASSIFICATION NUMBER
Edition number 23
Classification number 624.182095492
Author mark and year RAM 1970
100 1# - MAIN ENTRY--PERSONAL NAME
Personal name Rahman, M. Akhlaqur,
Dates associated with a name 1926-1992.
9 (RLIN) 217503
245 10 - TITLE STATEMENT
Title Metal based industry in East Pakistan :
Remainder of title an analysis of efficiency of scale /
Statement of responsibility, etc. by M. Akhlaqur Rahman.
250 ## - EDITION STATEMENT
Edition statement 1st ed.
260 ## - PUBLICATION, DISTRIBUTION, ETC. (IMPRINT)
Place of publication, distribution, etc. Dacca :
Name of publisher, distributor, etc. Bureau of Economic Research, University of Dacca,
Date of publication, distribution, etc. 1970
300 ## - PHYSICAL DESCRIPTION
Pagination 51 p. :
Illustrations ill. ;
Size 23 cm.
504 ## - BIBLIOGRAPHY, ETC. NOTE
Bibliography, etc Includes bibliographical references.
650 #0 - SUBJECT ADDED ENTRY--TOPICAL TERM
Topical term or geographic name as entry element Industries (metals)
Geographic subdivision Bangladesh.
9 (RLIN) 217504
942 ## - ADDED ENTRY ELEMENTS (KOHA)
Source of classification or shelving scheme Dewey Decimal Classification
Koha item type Books
Holdings
Lost status Source of classification or shelving scheme Damaged status Not for loan Collection code Permanent Location Current Location Shelving location Date acquired Source of acquisition Cost, normal purchase price Total Checkouts Full call number Date last seen Copy number Koha item type
  Dewey Decimal Classification   Not For Loan Non-fiction Central Library, University of Rajshahi Central Library, University of Rajshahi Reading Room 16/07/1973 Euro-pak n. 5.00   624.182095492 RAM 1970 03/06/2017 C-1 Books
  Dewey Decimal Classification     Non-fiction Central Library, University of Rajshahi Central Library, University of Rajshahi   16/07/1973 Euro-pak n. 5.00   624.182095492 RAM 1970 03/06/2017 C-2 Books